| 000 | 00852nam a22002417a 4500 | ||
|---|---|---|---|
| 005 | 20251108173206.0 | ||
| 008 | 250721s2003 xx 000 0 ara d | ||
| 082 | 1 | 4 | _a907.200956/ ذني |
| 100 | 1 |
_aالذنيبات، عوض عبد الكريم _eمؤلف |
|
| 245 | 1 | 0 | _aالكتابة التاريخية عند المسلمين (حتى منتصف القرن الثاني للهجرة ) / |
| 250 | _aط2. | ||
| 264 | 1 |
_aالكرك : _bمؤسسة رام لتكنولوجيا المعلومات، _c2003. |
|
| 300 | _a315ص. | ||
| 650 | 1 | 7 | _aالكتابة التاريخية |
| 650 | 1 | 7 | _aالمؤرخون |
| 650 | 1 | 7 | _aالمنهجية |
| 650 | 1 | 7 | _aالتاريخ الإسلامي |
| 650 | 1 | 7 | _aالأبحاث التاريخية |
| 650 | 1 | 7 | _aالتراجم |
| 650 | 1 | 7 | _aالعصر الأموي |
| 942 |
_2ddc _cBK |
||
| 999 |
_c98196 _d98196 |
||